แสดงรายละเอียดบรรณานุกรม
  กลับหน้าหลัก

Brief Record : Get Marc (ISO 2709) : E-mail record : QR code ปิดหน้าต่าง
E-books : เกี่ยวกับ Collections
LEADER 00000nama 2200000uu 4500
001    204011
003     ULIBM
008    040531s|||| th m m a000 0 tha d
020    978-616-551-002-8
041    tha
050    WS 200 ค695 2552.
100    กัญญา ศุภปิติพร.
245    คู่มือหัตถการในเด็ก/ กัญญา ศุภปิติพร และจิตลัดดา ดีโรจนวงศ์.
246 0  ^aโครงการผลิตพยาบาลชุมชนฯ ครั้งที่1/2553.
260    กรุงเทพฯ. ภาควิชากุมารเวชศาสตร์ คณะแพทยศาสตร์ จุฬาลงกรณ์มหาวิทยาลัย. 2552.
300    236 หน้า.
600    1.จิตลัดดา ดีโรจนวงศ์. 2.จุฬาลงกรณ์มหาวิทยาลัย คณะแพทยศาสตร์ ภาควิชากุมารเวชศาสตร์.
650    1.การรักษาโรค - - ในวัยทารกและเด็ก. 2.หัตถการทางการแพทย์ - - ในวัยทารกและเด็ก.
995    001
999    ^aใช้งานได้ทุกระบบ
รายการนี้ยังไม่มีแท็ก
คุณยังไม่ได้ล็อกอิน คุณสามารถมีกิจกรรมร่วมกับเว็บไซต์ได้ แต่ต้องล็อกอินก่อน ::
  ล็อกอิน
ลำดับที่ ประเภท เลขเรียก สถานที่ สถานะ
1. หนังสือทั่วไป
หนังสือทั่วไป
WS 200 ค695 2552 ฉ.13 
  
ห้องสมุด หอพักนักศึกษา (ห้องเหลือง) On Shelf
  ขอยืม
2. หนังสือทั่วไป
หนังสือทั่วไป
WS 200 ค695 2552 ฉ.39 
  
ห้องสมุด หอพักนักศึกษา (ห้องเหลือง) On Shelf
  ขอยืม
Note:จัดซื้อปีงบ 59
3. หนังสือทั่วไป
หนังสือทั่วไป
WS 200 ค695 2552.  
  
การพยาบาลเด็ก On Shelf
  ขอยืม
4. หนังสือทั่วไป
หนังสือทั่วไป
WS 200 ค695 2552.  
  
การพยาบาลเด็ก On Shelf
  ขอยืม
5. หนังสือทั่วไป
หนังสือทั่วไป
WS 200 ค695 2552. ฉ.18 
  
การพยาบาลเด็ก On Shelf
  ขอยืม
Note:ปีงบประมาณ 2557
6. หนังสือทั่วไป
หนังสือทั่วไป
WS 200 ค695 2552. ฉ.25 
  
ห้องสมุด หอพักนักศึกษา (ห้องเหลือง) On Shelf
  ขอยืม
Note:ปีงบประมาณ 2557
7. หนังสือทั่วไป
หนังสือทั่วไป
WS 200 ค695 2552. ฉ.29 
  
การพยาบาลเด็ก On Shelf
  ขอยืม
Note:ปีงบประมาณ 2557
8. หนังสือทั่วไป
หนังสือทั่วไป
สถานะ=หนังสือเก่า - บริการ ณ ห้องสมุด (ห้องเหลือง)
WS 200 ค695 2552. ฉ.31 
  
ห้องสมุด หอพักนักศึกษา (ห้องเหลือง) On Shelf
  ขอยืม
Note:ปีงบประมาณ 2557
9. หนังสือทั่วไป
หนังสือทั่วไป
WS 200 ค695 2552. ฉ.35 
  
การพยาบาลเด็ก On Shelf
  ขอยืม
Note:ปีงบประมาณ 2557
   [แสดง 9/9 รายการ]

BibComment


ยังไม่เคยถูกคอมเมนท์

คอมเมนท์ทรัพยากรรายการนี้
  คอมเมนท์: คู่มือหัตถการในเด..
Bib 204011

 
 
 

 Union Library Management : ULibM
Copyright 2026. All Rights Reserved.
скачать бесплатно без регистрации порно красивый секс HD Sex Hindi sex

xxx gou

xxxx

bfxxx

xxxwww

Секса Видео

xxxx

Секса Видео

detube

geilexxx

C99 Shell

worms shell

blod xxx video
Ebony Coed Rihanna Rimes Takes A Dick In Her Young Twat priyaa indian fuck anal and pusssy hardcore indian women xxx desi hardcore fucking part 1 bengalixxxcouple